000 00934nam a2200205Ia 4500
999 _c38056
_d38056
001 4042
003 GE_BSU
005 20190923173747.0
008 181216s1987||||ge |||||||||||||| ||geo||
040 _cGE_BSU
041 _ageo
080 _a39(479.223) ს–24
245 _aსამხრეთ-დასავლეთ საქართველოს ეთნოლოგიის პრობლემები :
_b N 14. კულტურა და ყოფა /
_cრედაქტორი: ალ. რობაქიძე.
264 _a თბილისი :
_bმეცნიერება,
_c1987.
300 _a120 გვ. ;
_b21 სმ.
653 _aსაქართველოს ეთნოლოგიის პრობლემები
653 _aკულტურა და ყოფა
700 _aრობაქიძე, ალ.
_eრედაქტორი
_94255
942 _cBK
_2udc